Continuacion de la historia general de España del P. Juan Mariana, de la Compañia de Jesus

Detalles Bibliográficos
Autor principal: Mariana, José Manuel
Otros Autores: Romero, VIcente (tr.)
Formato: Libro
Lenguaje:Spanish
Publicado: en Madrid 1794-1795
Materias:
Colección:Banco de datos
Acervo:Biblioteca Pública Central del Estado de Durango. Lic. José Ignacio Gallegos Caballero. Colección José Fernando Ramírez
Descripción Física:10 t. 8°
Tema general:Historia civil
Notas:Título de la anteportada: Historia general de España. Cada tomo con portada y numeración propias. Año de los t. 1-2 publicados en 1794; t. 3: 1795. Encuadernación en piel sobre cartón (4980-4982). Sello en tinta de José Fernando Ramírez (4980-4982). Sello en tinta de la Biblioteca Pública del Estado de Durango (4980-4982). Daños de polilla (4980)
LEADER 01275nam a22001930004500
035 |a 2183 
041 0 |a spa 
100 1 |a Mariana, José Manuel 
245 1 0 |a Continuacion de la historia general de España del P. Juan Mariana, de la Compañia de Jesus  |c escrita en latin por el P. Fr. Joseph Manuel Miñana, del Orden de la Santisima Trinidad ; y traducida nuevamente al castellano por D. Vicente Romero, escribiente primero de la Secretaria de Estado, y del Despacho de Hacienda de Indias 
260 |a en Madrid  |b por Don Benito Cano  |c 1794-1795 
300 |a 10 t.  |c 8° 
500 |a Título de la anteportada: Historia general de España. Cada tomo con portada y numeración propias. Año de los t. 1-2 publicados en 1794; t. 3: 1795. Encuadernación en piel sobre cartón (4980-4982). Sello en tinta de José Fernando Ramírez (4980-4982). Sello en tinta de la Biblioteca Pública del Estado de Durango (4980-4982). Daños de polilla (4980) 
504 |a Índice de capítulos 
650 1 0 |a Historia civil 
700 1 |a Romero, VIcente  |e tr. 
949 |a CR. t. 1 (4980); t. 2 (4981); t. 3 (4982) 
942 |c DURANRAM 
943 |g Biblioteca Pública Central del Estado de Durango. Lic. José Ignacio Gallegos Caballero. Colección José Fernando Ramírez 
999 |c 1079113  |d 1079113